LEADER 00948nam0-2200337---450- 001 990008800800403321 005 20091203153947.0 010 $a9788838644962 035 $a000880080 035 $aFED01000880080 035 $a(Aleph)000880080FED01 035 $a000880080 100 $a20090209d2008----km-y0itay50------ba 101 1 $aita$ceng 102 $aIT 105 $aa-------001yy 200 1 $aAnimazione e modellazione 3D$fJason Osipa 210 $aMilano [etc.]$cMCGraw Hill,$dİ2008 215 $aXIX, 386 p.$cill.$d24 cm$e1 CD-ROM 225 1 $aMicrocalcolatori 300 $aTit. orig.: Stop staring 610 0 $aGrafica - Programmi per microelaboratori 676 $a006.696 700 1$aOsipa,$bJason$0312490 801 0$aIT$bUNINA$gRICA$2UNIMARC 901 $aBK 912 $a990008800800403321 952 $a006.69-OSI-1$b5317$fSC1 959 $aSC1 996 $aAnimazione e modellazione 3D$9808867 997 $aUNINA LEADER 01908nam 2200505 450 001 9910466603003321 005 20200520144314.0 010 $a1-119-21281-2 010 $a1-119-21280-4 035 $a(CKB)3710000001410948 035 $a(MiAaPQ)EBC4883042 035 $a(DLC) 2017015850 035 $a(JP-MeL)3000068169 035 $a(Au-PeEL)EBL4883042 035 $a(CaPaEBR)ebr11400651 035 $a(OCoLC)980871561 035 $a(EXLCZ)993710000001410948 100 $a20170715h20172017 uy 0 101 0 $aeng 135 $aurcnu|||||||| 181 $2rdacontent 182 $2rdamedia 183 $2rdacarrier 200 00$aABC of COPD /$fedited by Dr Graeme P Currie 205 $aThird edition. 210 1$aHoboken, New Jersey :$cWiley Blackwell :$cBMJ Books,$d2017. 210 4$dİ2017 215 $a1 online resource (120 pages) $ccolor illustrations 225 1 $aABC Series 311 $a1-119-21285-5 320 $aIncludes bibliographical references at the end of each chapters and index. 327 $aDefinition, epidemiology and risk factors -- Pathology and pathogenesis -- Diagnosis -- Lung function tests -- Smoking cessation -- Non-pharmacological management -- Pharmacological management (I). Inhaled treatment -- Pharmacological management (II). Oral treatment -- Drug delivery devices -- Oxygen -- Surgical and interventional strategies -- Exacerbations -- Ventilatory support -- Primary care -- Death, dying and end of life issues -- Future treatments. 410 0$aABC series (Malden, Mass.) 606 $aLungs$xDiseases, Obstructive 608 $aElectronic books. 615 0$aLungs$xDiseases, Obstructive. 676 $a616.24 702 $aCurrie$b Graeme P. 801 0$bMiAaPQ 801 1$bMiAaPQ 801 2$bMiAaPQ 906 $aBOOK 912 $a9910466603003321 996 $aABC of COPD$92242070 997 $aUNINA